000 00216 a2200097 4500
001 14693
100 _aMarriott J.A.R
245 _aideology of the future
260 _aLahore
_bSh M Ashraf
_c
090 _c11478
_d11478
942 _aNUST-CAE
_cM
_c1645
999 _c249766
_d249766